Central Library OPAC University of Rajshahi

Article writing and marketing / (Record no. 921)

MARC details
000 -LEADER
fixed length control field 00679cam a2200253 a 4500
001 - CONTROL NUMBER
control field 921
003 - CONTROL NUMBER IDENTIFIER
rucl marc code BD-RjUL
005 - DATE AND TIME OF LATEST TRANSACTION
control field 20211208233240.0
008 - FIXED-LENGTH DATA ELEMENTS--GENERAL INFORMATION
fixed length control field 131124s19571948xx 001 0 eng d
035 ## - SYSTEM CONTROL NUMBER
System control number (BD-RjUL)943
System control number (OCoLC)1574898
040 ## - CATALOGING SOURCE
Original cataloging agency DLC
Transcribing agency FM
Modifying agency BD-RjUL
Language of cataloging eng
041 ## - LANGUAGE CODE
Language code of text/sound track or separate title eng
082 ## - DEWEY DECIMAL CLASSIFICATION NUMBER
Classification number 029.6
Edition number 16
Author mark and year BIA
100 1# - MAIN ENTRY--PERSONAL NAME
Personal name Bird, George L.
Dates associated with a name 1900-1996.
9 (RLIN) 2741
245 10 - TITLE STATEMENT
Title Article writing and marketing /
Statement of responsibility, etc. George L. Bird.
250 ## - EDITION STATEMENT
Edition statement Rev. ed.
260 ## - PUBLICATION, DISTRIBUTION, ETC. (IMPRINT)
Place of publication, distribution, etc. New York:
Name of publisher, distributor, etc. Rinehart,
Date of publication, distribution, etc. c1956 [Printing 1957]
300 ## - PHYSICAL DESCRIPTION
Pagination 506 p. :
Illustrations ill. ;
Size 22 cm.
650 ## - SUBJECT ADDED ENTRY--TOPICAL TERM
Topical term or geographic name as entry element Authorship
9 (RLIN) 2742
942 ## - ADDED ENTRY ELEMENTS (KOHA)
Source of classification or shelving scheme Dewey Decimal Classification
Koha item type Books
Holdings
Lost status Source of classification or shelving scheme Damaged status Not for loan Collection code Permanent Location Current Location Shelving location Date acquired Source of acquisition Cost, normal purchase price Total Checkouts Full call number Date last seen Copy number Koha item type
  Dewey Decimal Classification   Not For Loan Non-fiction Central Library, University of Rajshahi Central Library, University of Rajshahi Reading Room 22/04/1965 Zeitlinger 40.00   029.6 BIA 1957 24/11/2013 C-1 Books